[Event "FINAL MISTRZOSTW POLSKI MLODZIKOW 2016 - CHLOPCY"]
[Site "Jastrzebia Gora"]
[Date "1899-12-30"]
[Round "4.11"]
[White "Demski, Michal"]
[Black "Malinowski, Szymon"]
[Result "1-0"]
[WhiteTitle "II"]
[BlackTitle "II+"]
[WhiteElo "1278"]
[BlackElo "1175"]

1. e4 c6 2. d4 d5 3. exd5 cxd5 4. c4 e6 5. Nc3 Nf6 6. Bg5 Nc6 7. Nf3 h6 8. Bxf6
Qxf6 9. cxd5 exd5 10. Nxd5 Qd8 11. Bc4 Be6 12. Qb3 Qd7 13. Ne5 Nxd4 14. Qd3 Bb4+
15. Nxb4 Qd6 16. Bb5+ Ke7 17. Qxd4 Qxd4 18. Nbc6+ Kf6 19. Nxd4 Kxe5 20. Nxe6 Kxe6
21. Ke2 Rac8 22. Rad1 a6 23. Bd7+ Ke7 24. Bxc8 Rxc8 25. Rc1 Rxc1 26. Rxc1 Kd6
27. Rc8 Kd5 28. Rc7 Kd6 29. Rxf7 Ke5 30. Rxg7 Kf5 31. Rxb7 Ke5 32. Rb6 h5 33.
Rxa6 h4 34. b4 h3 35. gxh3 Kd5 36. h4 Kc4 37. h5 Kxb4 38. h6 Kc3 39. h7 Kb2 40.
h8=Q+ Kc1 41. Qc3+ Kb1 42. Rb6+ Kxa2 43. Qa5# 1-0

[Event "FINAL MISTRZOSTW POLSKI MLODZIKOW 2016 - CHLOPCY"]
[Site "Jastrzebia Gora"]
[Date "1899-12-30"]
[Round "4.12"]
[White "Blazniak, Bartlomiej"]
[Black "Goral, Jan"]
[Result "1/2-1/2"]
[WhiteTitle "II"]
[BlackTitle "II"]
[WhiteElo "1137"]
[BlackElo "1273"]

1. d4 f5 2. c4 Nf6 3. Bg5 Ne4 4. Bh4 c5 5. e3 g6 6. Bd3 Qa5+ 7. Nd2 Nxd2 8. Qxd2
Qxd2+ 9. Kxd2 cxd4 10. exd4 Bg7 11. Nf3 Nc6 12. Rae1 e6 13. d5 Nb4 14. dxe6 dxe6
15. Ng5 Bh6 16. Kc3 Bxg5 17. Bxg5 Nxd3 18. Kxd3 Kf7 19. Rd1 h6 20. Be3 g5 21.
Ke2 b6 22. Rhe1 Ke7 23. Bd4 Rg8 24. Rd2 Bb7 25. g3 g4 26. Be3 h5 27. Kf1 Rad8
28. Red1 Rxd2 29. Rxd2 Rc8 30. b3 Bf3 31. Bg5+ Ke8 32. Rd6 Rc6 33. Rxc6 Bxc6 34.
Ke2 Be4 35. a3 Kd7 36. Ke3 Kd6 37. Bh6 Bc2 38. b4 e5 39. Bf8+ Kc6 40. Bg7 Kd6
41. Bf8+ Kc6 42. Bg7 Kd6 43. Bf8+ Kd5 44. Kd4+ 1/2-1/2

[Event "FINAL MISTRZOSTW POLSKI MLODZIKOW 2016 - CHLOPCY"]
[Site "Jastrzebia Gora"]
[Date "1899-12-30"]
[Round "4.13"]
[White "Wierzbicki, Dawid"]
[Black "Karwacki, Piotr"]
[Result "0-1"]
[WhiteTitle "II"]
[BlackTitle "II"]
[WhiteElo "1269"]
[BlackElo "1164"]

1. e4 c5 2. Nf3 d6 3. d4 cxd4 4. Nxd4 Nf6 5. Nc3 a6 6. Be3 e5 7. Nb3 Be7 8. f3
Be6 9. Qd2 O-O 10. O-O-O a5 11. Na4 Nbd7 12. Qf2 Qc8 13. Bb5 Bc4 14. Bxd7 Nxd7
15. Kb1 b5 16. Nc3 Nf6 17. Bb6 b4 18. Ne2 Qa6 19. Ng3 a4 20. Nd2 b3 21. Nxc4 bxa2+
22. Ka1 Qxc4 23. Nf5 Rfe8 24. Rd3 Qb5 25. Rxd6 Bxd6 26. Nxd6 Qb4 27. Nxe8 Nxe8
28. Qc5 Qxc5 29. Bxc5 Rc8 30. Ba3 Rxc2 31. Rd1 f6 32. Rd8 Kf7 33. Rd7+ Kg6 34.
Re7 Nc7 35. Rd7 Ne6 36. Rd6 Nd4 37. f4 Nb3+ 38. Kxa2 Rc1 39. f5+ Kg5 40. h4+ Kg4
0-1

[Event "FINAL MISTRZOSTW POLSKI MLODZIKOW 2016 - CHLOPCY"]
[Site "Jastrzebia Gora"]
[Date "1899-12-30"]
[Round "4.14"]
[White "Paszkowski, Krystian"]
[Black "Krupinski, Mikolaj"]
[Result "1/2-1/2"]
[WhiteTitle "III"]
[BlackTitle "II"]
[WhiteElo "1074"]
[BlackElo "1372"]

1. e4 c5 2. c4 d6 3. Nc3 Nc6 4. Nf3 e6 5. d3 Nf6 6. Be2 Be7 7. O-O O-O 8. Ne1 Qd7
9. f4 b6 10. Bf3 Bb7 11. Nc2 Rad8 12. Be3 Nb4 13. a3 Nxc2 14. Qxc2 h6 15. Kh1
Rfe8 16. g4 d5 17. cxd5 exd5 18. e5 Nh7 19. Bc1 f6 20. exf6 Bxf6 21. Qg2 Ba8 22.
g5 hxg5 23. fxg5 Bxc3 24. bxc3 d4 25. Bxa8 Rxa8 26. c4 Rf8 27. Bd2 Rae8 28. Rae1
Rxf1+ 29. Rxf1 Qe7 30. g6 Nf6 31. Bg5 Qe6 32. Bxf6 gxf6 33. h4 Kg7 34. h5 Qe2
35. Qh3 Qe3 36. Qf5 Qe5 37. Qf3 Qd6 38. Qg4 Qc6+ 39. Kg1 Re5 40. Rf5 Rxf5 41.
Qxf5 Qa4 42. Kh2 Qc2+ 43. Kh3 Qd2 44. Qd7+ Kh6 45. Qh7+ Kg5 46. g7 Qe3+ 47. Kg2
Qe2+ 48. Kh1 Qf1+ 49. Kh2 1/2-1/2

[Event "FINAL MISTRZOSTW POLSKI MLODZIKOW 2016 - CHLOPCY"]
[Site "Jastrzebia Gora"]
[Date "1899-12-30"]
[Round "4.15"]
[White "Ciszewski, Krzysztof"]
[Black "Jaskiewicz, Kacper"]
[Result "1-0"]
[WhiteTitle "II"]
[BlackTitle "II"]
[WhiteElo "1236"]
[BlackElo "1100"]

1. d4 d5 2. Nf3 Nf6 3. Bf4 Bg4 4. Nbd2 Bxf3 5. Nxf3 e6 6. e3 h6 7. Bd3 Bd6 8. Bg3
Nc6 9. c3 a6 10. Rc1 Rb8 11. Rb1 Nh7 12. Bxh7 Rxh7 13. Qc2 Rh8 14. Bxd6 Qxd6 15.
O-O Ke7 16. Rfe1 Kf8 17. Rbd1 Qe7 18. e4 dxe4 19. Qxe4 Re8 20. Qc2 Qf6 21. Ne5
Nxe5 22. dxe5 Qe7 23. Qd2 g6 24. Qd7 Kg7 25. Qxe7 Rxe7 26. h3 h5 27. Rd3 Rc8 28.
Kh2 Kf8 29. Red1 Ree8 30. Kg3 b6 31. a3 a5 32. Kf3 Re7 33. Kf4 Ree8 34. Kg5 Kg7
35. Rd7 Kg8 36. Kf6 Rf8 37. Re7 Rfd8 38. Rxd8+ Rxd8 39. Rxf7 Rd2 40. Kxg6 Rxb2
41. Rxc7 Kf8 42. Rf7+ Ke8 43. Rf3 Rb3 44. c4 Rb2 45. Kxh5 Rc2 46. g4 Rxc4 47.
g5 Ke7 48. g6 Rc8 49. g7 b5 50. Kh6 b4 51. axb4 axb4 52. Kh7 b3 53. g8=Q b2 54.
Rb3 Rxg8 55. Kxg8 b1=Q 56. Rxb1 Kd7 57. Kf7 Kc6 58. Kxe6 Kc5 59. Rd1 Kc4 60. Kf5
Kc3 61. e6 Kc2 62. Rd7 Kc3 63. e7 Kc4 64. e8=Q Kc5 65. Qc8+ Kb6 66. Rb7+ Ka6 67.
Qa8# 1-0

[Event "FINAL MISTRZOSTW POLSKI MLODZIKOW 2016 - CHLOPCY"]
[Site "Jastrzebia Gora"]
[Date "1899-12-30"]
[Round "4.16"]
[White "Krahel, Karol"]
[Black "Wieczorek, Mikolaj"]
[Result "0-1"]
[WhiteTitle "II"]
[BlackTitle "II"]
[WhiteElo "1170"]
[BlackElo "1217"]

1. d4 d5 2. e3 Nf6 3. f4 Bf5 4. Nf3 e6 5. c3 Be4 6. Bd3 Nbd7 7. Nbd2 Bxd3 8. Ne5
Nxe5 9. fxe5 Ne4 10. Nb3 Bc4 11. Bd2 Qh4+ 12. g3 Nxg3 13. Qf3 Nxh1+ 14. Kd1 Nf2+
15. Kc1 Nd3+ 16. Kc2 Qe4 17. Qxe4 dxe4 18. Na5 Ba6 19. Rg1 b6 20. Nc6 Bb7 21.
Nb4 Nxb4+ 22. cxb4 Rc8 23. Kb3 Bd5+ 24. Kc2 c5 25. dxc5 bxc5 26. b5 Bc4 27. a4
a6 28. b3 Bd5 29. b6 Rb8 30. a5 g6 31. b4 cxb4 32. Rb1 b3+ 33. Kc3 Rc8+ 34. Kb2
Rc2+ 35. Ka1 Ra2# 0-1

[Event "FINAL MISTRZOSTW POLSKI MLODZIKOW 2016 - CHLOPCY"]
[Site "Jastrzebia Gora"]
[Date "1899-12-30"]
[Round "4.17"]
[White "Czaja, Adrian"]
[Black "Kusiak, Mateusz"]
[Result "1/2-1/2"]
[WhiteTitle "II"]
[BlackTitle "III"]
[WhiteElo "1196"]
[BlackElo "1085"]

1. c4 c5 2. Nc3 Nc6 3. g3 d6 4. Bg2 g6 5. Nf3 Bg7 6. O-O Nf6 7. d3 Bd7 8. Bd2 O-O
9. e4 e5 10. a3 Qc8 11. Nb5 Ne8 12. Qc1 a6 13. Nc3 Na5 14. Qc2 Bh3 15. Nd5 Kh8
16. Nb6 Qd8 17. Nxa8 Bxg2 18. Kxg2 Nc6 19. b4 Qxa8 20. Qb3 Nd4 21. Nxd4 cxd4 22.
Qd1 b6 23. a4 Nc7 24. b5 a5 25. Kg1 Ne6 26. f4 Nc5 27. Qc2 Kg8 28. f5 Qd8 29.
Ra3 g5 30. Qd1 h6 31. Qh5 Qe7 32. f6 Bxf6 33. Qxh6 Nd7 34. Rf5 Bg7 35. Qxg5 Qxg5
36. Bxg5 Re8 37. h4 f6 38. Bd2 Kf7 39. Kh2 Nc5 40. g4 Ne6 41. g5 Ke7 42. gxf6+
Bxf6 43. Rh5 Rh8 44. Rxh8 Bxh8 45. Bg5+ Kf7 46. Kg3 Bg7 47. Kg4 Bf8 48. h5 d5
49. cxd5 Nxg5 50. Ra2 Nh7 51. Rf2+ Ke7 52. Kf5 Nf6 53. d6+ Kf7 54. Kxe5 Bg7 55.
d7 Ke7 56. d8=Q+ Kxd8 57. Rxf6 Ke7 58. Kxd4 Bxf6+ 59. Kd5 Kd7 60. h6 Bg5 61. h7
Bf6 62. e5 Bg7 63. d4 Bh8 64. Ke4 Ke7 65. d5 Bg7 66. Kf5 Bh8 67. e6 Ba1 68. Kg6
Bb2 69. Kf5 Ba1 1/2-1/2

[Event "FINAL MISTRZOSTW POLSKI MLODZIKOW 2016 - CHLOPCY"]
[Site "Jastrzebia Gora"]
[Date "1899-12-30"]
[Round "4.18"]
[White "Pisarek, Jan"]
[Black "Pancewicz, Szymon"]
[Result "1-0"]
[WhiteTitle "II"]
[BlackTitle "II"]
[WhiteElo "1191"]
[BlackElo "1079"]

1. e4 c6 2. d4 d5 3. Nc3 dxe4 4. Nxe4 Bf5 5. Ng3 Bg6 6. h4 h6 7. Nf3 Nd7 8. h5
Bh7 9. Bd3 Bxd3 10. Qxd3 Ngf6 11. Be3 Qc7 12. O-O-O O-O-O 13. Ne4 e6 14. Nxf6
Nxf6 15. Kb1 Bc5 16. Qb3 Bb6 17. c4 Qe7 18. Qa4 Kb8 19. Rd3 a6 20. Rb3 Ba7 21.
Qxa6 Qc7 22. g3 Ka8 23. Qa4 b6 24. d5 exd5 25. Bxb6 Qe7 26. Qxc6+ Qb7 27. Qxb7+
Kxb7 28. Bxd8+ Kc8 29. Bxf6 gxf6 30. cxd5 Bxf2 31. Rc1+ Kd7 32. Rb7+ Kd6 33. Rxf7
Kxd5 34. Rxf6 Bxg3 35. Rcc6 Ke4 36. Rxh6 Rf8 37. Rhf6 Rd8 38. h6 Bf4 39. h7 Kxf3
40. Rc4 Rd1+ 41. Kc2 Rc1+ 42. Kb3 Rxc4 43. Kxc4 Ke4 44. h8=Q Be5 45. Re6 Kf4 46.
Qxe5+ Kf3 47. Rf6+ Kg4 48. Qf5+ Kg3 49. Qg5+ Kh3 50. Rh6# 1-0

[Event "FINAL MISTRZOSTW POLSKI MLODZIKOW 2016 - CHLOPCY"]
[Site "Jastrzebia Gora"]
[Date "1899-12-30"]
[Round "4.20"]
[White "Wydmanski, Szymon"]
[Black "Herwy, Jakub"]
[Result "0-1"]
[WhiteTitle "III"]
[BlackTitle "II"]
[WhiteElo "1365"]
[BlackElo "1051"]

1. e4 c5 2. Nf3 d6 3. d4 cxd4 4. Nxd4 Nf6 5. Nc3 a6 6. Bg5 e6 7. f4 Be7 8. Qf3
h6 9. Bh4 Qc7 10. Bd3 Nc6 11. Nxc6 bxc6 12. O-O O-O 13. Kh1 Bb7 14. Rae1 Nh7 15.
Bxe7 Qxe7 16. e5 d5 17. f5 exf5 18. Qxf5 Ng5 19. h4 Bc8 20. Qf4 Ne6 21. Qg3 Rb8
22. b3 Rb4 23. Qe3 Rxh4+ 24. Kg1 d4 25. Qe2 dxc3 26. Rf2 Nf4 27. Qf3 Nxd3 28.
Qxd3 Rd8 29. Qxc3 Qb4 30. Qe3 Qd4 31. Qf3 Qd5 32. Qg3 Rg4 33. Qc3 Bb7 34. Qh3
Rg5 35. Ref1 Bc8 36. Qc3 Be6 37. Qb4 Qxe5 38. Qe7 Qd6 39. Qb7 Rh5 40. g3 Qxg3+
41. Rg2 Qe3+ 42. Rgf2 Rg5+ 43. Kh2 Qh3# 0-1

[Event "FINAL MISTRZOSTW POLSKI MLODZIKOW 2016 - CHLOPCY"]
[Site "Jastrzebia Gora"]
[Date "1899-12-30"]
[Round "4.21"]
[White "Bogusz, Alan"]
[Black "Grodzicki, Piotr"]
[Result "1-0"]
[WhiteTitle "II"]
[BlackTitle "II"]
[WhiteElo "1572"]
[BlackElo "1129"]

1. e4 c6 2. d4 d5 3. Nc3 dxe4 4. Nxe4 Bf5 5. Ng3 Bg6 6. Nh3 e6 7. Nf4 Qh4 8. c3
Bd6 9. Qf3 Qe7 10. Bc4 Nf6 11. O-O Bxf4 12. Bxf4 O-O 13. Rfe1 Nbd7 14. Bd3 Bxd3
15. Qxd3 Nd5 16. Bd2 e5 17. Qe2 f6 18. Qg4 f5 19. Nxf5 Qf6 20. Nh6+ Kh8 21. Rf1
N7b6 22. dxe5 Qg6 23. Qxg6 hxg6 24. Ng4 Rae8 25. b3 Nc7 26. c4 Nd7 27. Bc3 c5
28. Rad1 Rf7 29. Rd2 Na6 30. Rfd1 Nab8 31. Rd6 Rfe7 32. f3 1-0

[Event "FINAL MISTRZOSTW POLSKI MLODZIKOW 2016 - CHLOPCY"]
[Site "Jastrzebia Gora"]
[Date "1899-12-30"]
[Round "4.22"]
[White "Jedraszek, Pawel"]
[Black "Wolski, Michal"]
[Result "1/2-1/2"]
[WhiteTitle "II"]
[BlackTitle "II"]
[WhiteElo "1261"]
[BlackElo "1116"]

1. e4 e5 2. Nf3 Nc6 3. Bb5 a6 4. Ba4 Nf6 5. O-O b5 6. Bb3 Bb7 7. c3 Bc5 8. d4 Bb6
9. Re1 d6 10. Bc2 Qe7 11. a4 h6 12. axb5 axb5 13. Rxa8+ Bxa8 14. dxe5 dxe5 15.
Qe2 Na7 16. Na3 c6 17. Be3 Bxe3 18. Qxe3 O-O 19. b4 Nc8 20. Rd1 Rd8 21. Rxd8+
Qxd8 22. Qd2 Qxd2 23. Nxd2 Nd6 24. f3 Kf8 25. Kf2 Ke7 26. Ke3 Bb7 27. Bb3 Bc8
28. g4 g5 29. Ba2 Be6 30. Bxe6 Kxe6 31. Nf1 Ke7 32. Ng3 Ke6 33. Nf1 Ke7 34. Ng3
Ke6 35. Nf1 Ke7 36. Ng3 Ke6 37. Nf1 Ke7 38. Ng3 Ke6 1/2-1/2

[Event "FINAL MISTRZOSTW POLSKI MLODZIKOW 2016 - CHLOPCY"]
[Site "Jastrzebia Gora"]
[Date "1899-12-30"]
[Round "4.23"]
[White "Backiel, Hubert"]
[Black "Wilk, Igor"]
[Result "1/2-1/2"]
[WhiteTitle "II+"]
[BlackTitle "III"]
[WhiteElo "1247"]
[BlackElo "1103"]

1. e4 e6 2. d4 d5 3. Nc3 Bb4 4. e5 c5 5. Bd2 cxd4 6. Nb5 Bxd2+ 7. Qxd2 Nc6 8. Nd6+
Kf8 9. Nf3 Nxe5 10. Nxe5 Qxd6 11. Qf4 Qe7 12. Bd3 Ke8 13. O-O Nf6 14. Rfe1 Bd7
15. Rad1 Qb4 16. b3 Qa3 17. Qxd4 Rc8 18. Nxd7 Kxd7 19. Bb5+ Ke7 20. Re2 Qc5 21.
Qxc5+ Rxc5 22. Bd3 Ne4 23. Bxe4 dxe4 24. c4 f5 25. Red2 Rc7 26. Kf1 b6 27. Ke2
g5 28. f3 exf3+ 29. Kxf3 h5 30. Rd6 Rb8 31. R6d3 Rbc8 32. Ke2 Rb8 33. Rg3 Rg8
34. h4 g4 35. Rgd3 Rgc8 36. Ke3 Rb8 37. Kf4 Rg8 38. g3 Rb7 39. Rd6 Kf6 40. Re1
Re8 41. Re5 Kf7 42. Kg5 Rc7 43. Kf4 Rb7 44. Ke3 Kf6 45. Kf4 Kf7 46. Ke3 Kf6 47.
Kf4 Kf7 48. Ke3 1/2-1/2

[Event "FINAL MISTRZOSTW POLSKI MLODZIKOW 2016 - CHLOPCY"]
[Site "Jastrzebia Gora"]
[Date "1899-12-30"]
[Round "4.24"]
[White "Bochenek, Ryszard"]
[Black "Wiszniewski, Szymon"]
[Result "1-0"]
[WhiteTitle "II"]
[BlackTitle "II"]
[WhiteElo "1101"]
[BlackElo "1193"]

1. d4 d5 2. c4 e5 3. dxe5 d4 4. Nf3 Nc6 5. e3 Bb4+ 6. Nbd2 dxe3 7. fxe3 Bg4 8.
Be2 Bxf3 9. Bxf3 Nxe5 10. O-O Bxd2 11. Bxd2 Nf6 12. Qc2 Nxf3+ 13. Rxf3 O-O 14.
Bc3 Nd7 15. Rg3 Nf6 16. Rf1 Kh8 17. Bxf6 gxf6 18. Rh3 f5 19. Qxf5 1-0

[Event "FINAL MISTRZOSTW POLSKI MLODZIKOW 2016 - CHLOPCY"]
[Site "Jastrzebia Gora"]
[Date "1899-12-30"]
[Round "4.25"]
[White "Kubaszewski, Piotr"]
[Black "Wnek, Filip"]
[Result "0-1"]
[WhiteTitle "III"]
[BlackTitle "II"]
[WhiteElo "1097"]
[BlackElo "1188"]

1. e4 c5 2. Nf3 Nc6 3. d4 cxd4 4. Nxd4 e5 5. Nb5 d6 6. N1c3 a6 7. Na3 b5 8. Nd5
Nce7 9. c4 Nxd5 10. Qxd5 Be6 11. Qd1 Nf6 12. f3 Qb6 13. cxb5 Be7 14. bxa6 O-O
15. Bb5 d5 16. Qe2 dxe4 17. Be3 Bb4+ 18. Bd2 Bxd2+ 19. Qxd2 exf3 20. gxf3 Rfd8
21. Qe2 Qa5+ 22. Kf1 Bh3+ 23. Kg1 Rd2 24. Qf2 Rxf2 25. Kxf2 Qd2+ 26. Kg3 Qg2+
27. Kh4 g5# 0-1

[Event "FINAL MISTRZOSTW POLSKI MLODZIKOW 2016 - CHLOPCY"]
[Site "Jastrzebia Gora"]
[Date "1899-12-30"]
[Round "4.26"]
[White "Dembicki, Karol"]
[Black "Nowicki, Filip"]
[Result "1-0"]
[WhiteTitle "II"]
[BlackTitle "III"]
[WhiteElo "1146"]
[BlackElo "1092"]

1. e4 c5 2. Nf3 e6 3. Nc3 d5 4. exd5 exd5 5. Bb5+ Bd7 6. Bxd7+ Qxd7 7. d4 c4 8.
O-O Nc6 9. Bg5 Be7 10. Re1 h6 11. Bh4 O-O-O 12. Bg3 Bd6 13. Bxd6 Qxd6 14. b3 g5
15. bxc4 dxc4 16. Rb1 Nxd4 17. Na4 Qf6 18. Nxd4 Qxd4 19. Qf3 Qd5 20. Qc3 Qd4 21.
Qb4 b6 22. c3 Qd5 23. Nxb6+ axb6 24. Qxb6 Qa8 25. Qc5+ Kd7 26. Rbd1+ 1-0

[Event "FINAL MISTRZOSTW POLSKI MLODZIKOW 2016 - CHLOPCY"]
[Site "Jastrzebia Gora"]
[Date "1899-12-30"]
[Round "4.27"]
[White "Fudal, Patryk"]
[Black "Kycia, Marek"]
[Result "0-1"]
[WhiteTitle "III"]
[BlackTitle "II"]
[WhiteElo "1082"]
[BlackElo "1138"]

1. e4 d5 2. exd5 Nf6 3. d4 Nxd5 4. Be2 g6 5. Nf3 Bg7 6. c3 Nc6 7. O-O O-O 8. h3
Bf5 9. a3 a5 10. c4 Nb6 11. Be3 e6 12. Nc3 Qd7 13. g4 Bxg4 14. hxg4 f5 15. Nh2
f4 16. Bc1 Nxd4 17. Nf3 e5 18. Nxd4 exd4 19. Na2 Qe7 20. f3 Rad8 21. Rb1 Qh4 22.
Rf2 d3 23. Bxd3 Bd4 24. Qe1 Bxf2+ 25. Qxf2 Qxf2+ 26. Kxf2 Rxd3 27. Ke2 Rdd8 28.
c5 Nc4 29. b4 axb4 30. axb4 Rfe8+ 31. Kf2 g5 32. Nc3 Rd3 33. Ne4 h6 34. Nf6+ Kf7
35. Nxe8 Kxe8 36. Ke2 Rc3 37. Ra1 Ne5 38. Rb1 Nc6 39. Kf2 Rc4 40. b5 Nd4 41. Ba3
Rc3 42. Bb2 Rxf3+ 43. Kg2 Rg3+ 44. Kf2 Nc2 45. Bg7 Rxg4 46. Bxh6 Ne3 47. Re1 Kf7
48. c6 bxc6 49. bxc6 Kg6 50. Bf8 Kf5 51. Kf3 Rg2 52. Rc1 g4# 0-1

[Event "FINAL MISTRZOSTW POLSKI MLODZIKOW 2016 - CHLOPCY"]
[Site "Jastrzebia Gora"]
[Date "1899-12-30"]
[Round "4.29"]
[White "Choina, Jan"]
[Black "Lesien, Tymoteusz"]
[Result "1-0"]
[WhiteTitle "II"]
[BlackTitle "II"]
[WhiteElo "1190"]
[BlackElo "1213"]

1. e4 c5 2. Nf3 e6 3. d4 cxd4 4. Nxd4 Nf6 5. Bd3 d6 6. O-O Be7 7. Nc3 a6 8. Kh1
b5 9. a3 Bb7 10. f4 O-O 11. Nb3 Nc6 12. Qe2 Qc7 13. Bd2 Nd7 14. Rf3 e5 15. f5
Nc5 16. Nxc5 Nd4 17. Qe3 Nxf3 18. Qxf3 Qxc5 19. Be3 Qc7 20. Qh5 Qd7 21. Rf1 Rac8
22. Rf3 f6 23. Rh3 Bd8 24. Be2 d5 25. Qxh7+ Kf7 26. Bh5+ Ke7 27. Qxg7+ Kd6 28.
Qxf8+ Be7 29. Qg7 d4 30. Bf7 1-0

[Event "FINAL MISTRZOSTW POLSKI MLODZIKOW 2016 - CHLOPCY"]
[Site "Jastrzebia Gora"]
[Date "1899-12-30"]
[Round "4.30"]
[White "Zmuda, Mateusz"]
[Black "Wawrzyniak, Karol"]
[Result "1-0"]
[WhiteTitle "II"]
[BlackTitle "II"]
[WhiteElo "1199"]
[BlackElo "1130"]

1. c4 c5 2. Nf3 Nc6 3. Nc3 g6 4. g3 Bg7 5. Bg2 a6 6. d3 e6 7. O-O Nge7 8. Bd2 O-O
9. Qc1 d5 10. Bh6 d4 11. Ne4 b6 12. Bxg7 Kxg7 13. Ned2 f5 14. Ne5 Bb7 15. Nef3
Qc7 16. e4 Nb4 17. Ng5 Qd7 18. Qb1 h6 19. Ngf3 Kh7 20. Ne5 Qc7 21. Nef3 g5 22.
a3 Nbc6 23. b4 Ng6 24. Re1 g4 25. exf5 exf5 26. b5 Nce7 27. Ne5 Nxe5 28. Bxb7
Qxb7 29. Rxe5 Ng6 30. bxa6 Qxa6 31. Re6 Rab8 32. a4 Rfe8 33. Rf6 Rf8 34. Rd6 f4
35. a5 Qb7 36. axb6 Rfe8 37. Qb5 f3 38. Ra7 Qxa7 39. bxa7 Rxb5 40. cxb5 Re1+ 41.
Nf1 Ne5 42. a8=Q Nxd3 43. Qb7+ Kg8 44. Rd8+ Re8 45. Rxe8# 1-0

[Event "FINAL MISTRZOSTW POLSKI MLODZIKOW 2016 - CHLOPCY"]
[Site "Jastrzebia Gora"]
[Date "1899-12-30"]
[Round "4.31"]
[White "Doskocz, Karol"]
[Black "Grzadka, Artur"]
[Result "1-0"]
[WhiteTitle "II"]
[BlackTitle "II"]
[WhiteElo "1074"]
[BlackElo "1172"]

1. c4 e5 2. Nc3 Nf6 3. g3 Bc5 4. Bg2 Ng4 5. e3 Nf6 6. a3 a5 7. Nge2 d6 8. d4 exd4
9. Nxd4 Qe7 10. O-O O-O 11. Re1 Re8 12. b3 c6 13. Bb2 Bd7 14. Nc2 Qd8 15. b4 Qb6
16. Na4 Qa6 17. bxc5 dxc5 18. Bxf6 gxf6 19. Nxc5 Qxc4 20. Nxd7 Nxd7 21. Qxd7 Qxc2
22. Qxb7 Rab8 23. Qxc6 Qd2 24. Qxf6 Re6 25. Qg5+ Kh8 26. Qf4 Rf8 27. Qd4+ Qxd4
28. exd4 Rd6 29. Re5 a4 30. Ra5 Rxd4 31. Bc6 Rdd8 32. Rxa4 Rd6 33. Ra8 Rxa8 34.
Bxa8 Ra6 35. Bf3 Kg7 36. a4 Ra5 37. Bc6 Ra6 38. Bb5 Ra5 39. Rd1 Kf6 40. Rd6+ Ke7
41. Ra6 Rxa6 42. Bxa6 Kd6 43. Kg2 Kc5 44. Kf3 Kb4 45. Bb5 Kc5 46. Ke4 Kd6 47.
a5 Kc7 48. Kf5 Kb7 49. Kf6 h5 50. Kxf7 Kc7 51. Ke7 Kb7 52. f4 h4 53. f5 hxg3 54.
hxg3 Kc7 55. f6 Kb7 56. f7 Ka7 57. f8=Q Kb7 58. Qd8 Ka7 59. Qc7+ Ka8 60. Bc6#
1-0

[Event "FINAL MISTRZOSTW POLSKI MLODZIKOW 2016 - CHLOPCY"]
[Site "Jastrzebia Gora"]
[Date "1899-12-30"]
[Round "5.1"]
[White "Wojdak, Jan"]
[Black "Fiszer, Bartosz"]
[Result "0-1"]
[WhiteTitle "II"]
[BlackTitle "CM"]
[WhiteElo "1577"]
[BlackElo "1557"]

1. e4 e6 2. Nf3 d5 3. Nc3 Nf6 4. e5 Nfd7 5. d4 c5 6. dxc5 Bxc5 7. Bf4 Nc6 8. Bd3
f6 9. exf6 Qxf6 10. Bg5 Qf7 11. Qe2 h6 12. Bh4 O-O 13. O-O-O Kh8 14. Bg3 a6 15.
Nh4 Nd4 16. Qd2 Kg8 17. Ng6 Re8 18. Rhe1 b5 19. Nf4 Nf8 20. Nh3 Bd7 21. Qf4 Rac8
22. Qxf7+ Kxf7 23. Ne2 Nc6 24. f4 Nb4 25. a3 Nxd3+ 26. Rxd3 b4 27. axb4 Bxb4 28.
c3 Bb5 29. Rd2 Nd7 30. Bf2 Nf6 31. Ng3 Rc4 32. Rd4 Rec8 33. Red1 Bd6 34. Rxc4
Bxc4 35. Bd4 a5 36. Bxf6 gxf6 37. Ne4 Be7 38. Nd2 Bb5 39. Nf3 Be2 40. Re1 Bxf3
41. gxf3 d4 42. Kd2 a4 43. Nf2 a3 44. bxa3 Rxc3 45. Nd3 Rxa3 46. Rc1 Ra2+ 47.
Rc2 Rxc2+ 48. Kxc2 Kg6 49. Kd2 Kf5 50. Ke2 Bd6 51. h3 Bxf4 52. Nf2 e5 53. Ne4
Kg6 54. Nc5 Kh5 55. Nd7 f5 56. Nb6 e4 57. fxe4 fxe4 58. Nd5 Bg5 59. Nb4 d3+ 60.
Nxd3 exd3+ 61. Kxd3 Kh4 62. Ke4 Kxh3 63. Kf3 h5 64. Kf2 Kh2 65. Kf3 Be3 0-1

[Event "FINAL MISTRZOSTW POLSKI MLODZIKOW 2016 - CHLOPCY"]
[Site "Jastrzebia Gora"]
[Date "1899-12-30"]
[Round "5.2"]
[White "Matela, Krzysztof"]
[Black "Lyszczarz, Konrad"]
[Result "0-1"]
[WhiteTitle "II"]
[BlackTitle "II+"]
[WhiteElo "1328"]
[BlackElo "1515"]

1. d4 d5 2. Nf3 Nf6 3. g3 Nc6 4. Bg2 Bf5 5. O-O e6 6. Re1 Be7 7. a4 a5 8. Nbd2
Nb4 9. Nh4 Bxc2 10. Nhf3 Bxd1 11. Rxd1 c6 12. Ne5 Nd7 13. Nxd7 Qxd7 14. Nf3 f6
15. Bh3 g5 16. Ra3 h5 17. Bg2 O-O-O 18. Bd2 h4 19. gxh4 gxh4 20. Bh3 Bd6 21. Re3
Rde8 22. Ne1 Rhg8+ 23. Ng2 Bc7 24. Kh1 Qd6 25. f4 f5 26. Rf3 Qd7 27. Nxh4 Qh7
28. Ng2 Rg6 29. Be1 Bd8 30. Re3 Rh6 31. Bxb4 axb4 32. Rdd3 Bb6 33. Rb3 Bxd4 34.
Red3 Bc5 35. a5 Kc7 36. Ne1 Rg8 37. Ng2 Qg6 38. Rg3 Qxg3 39. Rxg3 Rxg3 40. e3
Rgxh3 41. Kg1 Bxe3+ 42. Kf1 Rf3+ 43. Ke2 Rf2+ 44. Kxe3 Rxg2 45. Kd4 Rh3 46. Ke5
Re2+ 47. Kf6 Kd7 48. Kf7 Rh6 49. h4 e5 50. Kg7 Rxh4 51. Kf6 Rxf4 52. Kf7 Rg2 53.
Kf6 Kd6 54. Kf7 Rh4 55. Kf6 Rh5 56. b3 d4 57. a6 bxa6 58. Kf7 Rh6 59. Kf8 Ke6
60. Ke8 Rh8# 0-1

[Event "FINAL MISTRZOSTW POLSKI MLODZIKOW 2016 - CHLOPCY"]
[Site "Jastrzebia Gora"]
[Date "1899-12-30"]
[Round "5.3"]
[White "Fronczyk, Wiktor"]
[Black "Kejna, Piotr"]
[Result "0-1"]
[WhiteTitle "II"]
[BlackTitle "II"]
[WhiteElo "1251"]
[BlackElo "1410"]

1. e4 c5 2. Nf3 d6 3. d4 cxd4 4. Nxd4 Nf6 5. Nc3 a6 6. Bd3 e6 7. f4 Qc7 8. O-O
Be7 9. Kh1 b5 10. Nf3 Nbd7 11. Qe1 Nb6 12. f5 e5 13. Bd2 Bb7 14. a3 Nc4 15. Bxc4
Qxc4 16. Bg5 Rd8 17. Nd2 Qc7 18. Nb3 Ba8 19. Qe2 Qa7 20. Rad1 O-O 21. Bxf6 Bxf6
22. Rf3 Qe7 23. Rh3 Rc8 24. Qg4 Rfd8 25. Nc1 Kh8 26. N1e2 Rc4 27. Ng3 h6 28. Nh5
d5 29. Rhd3 d4 30. Nxf6 Qxf6 31. h3 Rdc8 32. Ne2 Rxc2 33. b4 Qg5 34. Qxg5 hxg5
35. Ng3 f6 36. R3d2 R2c3 37. Rd3 Rxd3 38. Rxd3 Rc3 39. Rf3 d3 40. Rf2 Rc2 41.
Rf1 d2 42. Ne2 Bxe4 43. Kg1 Bd3 44. Kf2 d1=N+ 45. Rxd1 Bxe2 46. Rd8+ Kh7 47. Ke1
Bc4 48. Rd2 Rxd2 49. Kxd2 Kg8 50. Ke3 Bd5 51. Kf2 Be4 52. g4 g6 53. Ke3 gxf5 54.
gxf5 Bxf5 55. Kf3 Bxh3 56. Ke4 Be6 57. Kf3 f5 58. Ke3 g4 59. Kf2 f4 60. Kg2 e4
61. Kf1 g3 62. Kg1 f3 63. a4 bxa4 64. b5 a3 65. b6 a2 66. b7 a1=R# 0-1

[Event "FINAL MISTRZOSTW POLSKI MLODZIKOW 2016 - CHLOPCY"]
[Site "Jastrzebia Gora"]
[Date "1899-12-30"]
[Round "5.4"]
[White "Chyzy, Jakub"]
[Black "Demski, Michal"]
[Result "0-1"]
[WhiteTitle "I"]
[BlackTitle "II"]
[WhiteElo "1803"]
[BlackElo "1278"]

1. e4 e5 2. Nf3 Nc6 3. Bb5 Bc5 4. O-O Nd4 5. Nxd4 Bxd4 6. c3 Bb6 7. d4 c6 8. Ba4
d6 9. Kh1 Nf6 10. f4 exd4 11. e5 Ng4 12. h3 dxe5 13. Qf3 Qh4 14. Bd2 O-O 15. c4
e4 16. Qxe4 Nf2+ 17. Rxf2 Qxf2 18. Qe1 Qxe1+ 19. Bxe1 Be6 20. Nd2 Ba5 21. Bb3
Bxd2 22. Bxd2 Rfe8 23. Kg1 Bf5 24. Rd1 Re2 25. a3 Rae8 26. Kf1 Bd3 27. Kg1 Be4
28. g4 Rg2+ 29. Kf1 Bf3 30. Re1 Rxe1+ 0-1

[Event "FINAL MISTRZOSTW POLSKI MLODZIKOW 2016 - CHLOPCY"]
[Site "Jastrzebia Gora"]
[Date "1899-12-30"]
[Round "5.5"]
[White "Czernecki, Andrzej"]
[Black "Bancarewicz, Aleks"]
[Result "0-1"]
[WhiteTitle "II"]
[BlackTitle "II"]
[WhiteElo "1469"]
[BlackElo "1254"]

1. e4 e6 2. d4 d5 3. Nc3 Nf6 4. e5 Nfd7 5. f4 a6 6. Nf3 c5 7. Be3 b5 8. a3 Nc6
9. g3 Bb7 10. Bg2 Qb6 11. O-O cxd4 12. Nxd4 Bc5 13. Nce2 Nxd4 14. Bxd4 Bxd4+ 15.
Qxd4 Qxd4+ 16. Nxd4 g6 17. a4 b4 18. a5 Rc8 19. Ra4 Rc4 20. c3 O-O 21. Rc1 Rfc8
22. Bf1 Rxd4 23. cxd4 Rxc1 24. Rxb4 Rc7 25. Rb3 Kf8 26. h4 h5 27. Ra3 Ke7 28.
b4 Rc1 29. b5 axb5 30. a6 Ba8 31. Ra5 Rc3 32. Kh2 b4 33. Rb5 b3 34. a7 Rc2+ 35.
Kh3 Ra2 36. Rxb3 Rxa7 37. Bb5 Rb7 38. Ra3 Rxb5 39. Rxa8 Rb4 40. Ra3 Rxd4 41. Kg2
f6 42. exf6+ Kxf6 43. Kf3 Nc5 44. Ke3 Rd3+ 45. Rxd3 Nxd3 46. Kxd3 Kf5 47. Ke3
Kg4 48. Kf2 d4 49. Kg2 d3 50. Kf2 d2 51. Ke2 Kxg3 52. Kxd2 Kxf4 53. Kd3 Kg4 54.
Ke4 Kxh4 55. Kf4 e5+ 56. Kf3 e4+ 57. Kf2 Kg4 58. Ke3 Kg3 59. Ke2 h4 60. Kf1 h3
61. Kg1 e3 0-1